|
|
|
|
| LEADER |
01015nam a22003011a 4500 |
| 001 |
000037817 |
| 003 |
14112 |
| 005 |
20201208092900.0 |
| 008 |
160412s1999 000 |
| 020 |
|
|
|a 0844204447
|
| 040 |
|
|
|a lnn
|c lnn
|d lnn
|
| 041 |
0 |
|
|a eng
|
| 082 |
0 |
0 |
|a 973
|b MI-M
|
| 100 |
1 |
|
|a Mixon, Myrtis.
|
| 245 |
1 |
0 |
|a stories from american history :
|b teacher's manual /
|c Myrtis Mixon.
|
| 260 |
|
|
|a Chicago :
|b National Textbook,
|c 1999.
|
| 300 |
|
|
|a xi, 1 v, 90p.
|
| 650 |
|
0 |
|a United States
|x History
|x Problems, exercises, etc.
|
| 650 |
|
0 |
|a English language
|x Textbooks for foreign speakers.
|
| OWN |
|
|
|a LNN
|
| 902 |
|
|
|a TKA
|
| AVA |
|
|
|a UDN50
|b LNN
|c English
|e available
|t Error 5001 Not defined in file expand_doc_bib_avail.
|f 2
|g 0
|h N
|i 0
|j AN
|
| 999 |
|
|
|a From the UDN01
|
| AVA |
|
|
|a UDN50
|b LNN
|c English
|e available
|t Error 5001 Not defined in file expand_doc_bib_avail.
|f 2
|g 0
|h N
|i 0
|j AN
|
| TYP |
|
|
|a Monograph
|
| 980 |
|
|
|a Mạng thư viện Đại học Đà Nẵng
|